All 5k+ cities in Louisiana on a map - Statistics

General Stats
  • This quiz has been taken 13 times
  • The average score is 14 of 60
Answers on the Map
Answers color-coded by a green-red scale on the quiz's map according to % correct below.
 
Answer Stats
City Population % Correct
Baton Rouge 227,470
100%
New Orleans 383,997
100%
Shreveport 187,593
100%
Houma 33,406
89%
Lafayette 121,374
89%
Alexandria 46,180
78%
Bossier City 62,701
78%
Lake Charles 84,872
78%
Monroe 47,702
78%
Kenner 66,448
67%
Slidell 28,781
56%
Hammond 19,584
44%
New Iberia 28,555
33%
Ruston 22,166
33%
Thibodaux 15,948
33%
Central 29,565
22%
Gretna 17,814
22%
Mandeville 13,192
22%
Natchitoches 18,039
22%
Opelousas 15,786
22%
Plaquemine 6,269
22%
West Monroe 13,103
22%
Abbeville 11,186
11%
Baker 12,455
11%
Bastrop 9,691
11%
Bogalusa 10,659
11%
Breaux Bridge 7,513
11%
Broussard 13,417
11%
Covington 11,564
11%
Denham Springs 9,286
11%
Franklin 6,728
11%
Gonzales 12,231
11%
Morgan City 11,472
11%
Sulphur 21,809
11%
Youngsville 15,929
11%
Zachary 19,316
11%
Addis 6,731
0%
Carencro 9,272
0%
Crowley 11,710
0%
DeRidder 9,852
0%
Donaldsonville 6,695
0%
Eunice 9,422
0%
Grambling 5,239
0%
Harahan 9,116
0%
Jennings 9,837
0%
Leesville 5,649
0%
Marksville 5,065
0%
Minden 11,928
0%
Oakdale 6,692
0%
Patterson 5,931
0%
Pineville 14,384
0%
Ponchatoula 7,822
0%
Rayne 7,236
0%
Scott 8,119
0%
St. Gabriel 6,433
0%
St. Martinville 5,379
0%
Tallulah 6,286
0%
Ville Platte 6,303
0%
Walker 6,374
0%
Westwego 8,568
0%
No matching quizzes found
Score Distribution
Percent of People with Each Score
Percentile by Number Answered
Your Score History
You have not taken this quiz